Reservations a socio-legal perspective / (Record no. 42789)

MARC details
000 -LEADER
fixed length control field 00784nam a22002297a 4500
005 - DATE AND TIME OF LATEST TRANSACTION
control field 20100820143850.0
010 ## - LCCN (DPL NO)
LC control number ENG-101136
020 ## - INTERNATIONAL STANDARD BOOK NUMBER
Terms of availability 40.00
International Standard Book Number 9788189524531
035 ## - SYSTEM CONTROL NUMBER
System control number EN-84669
037 2# - SOURCE OF ACQUISITION
Source of stock number/acquisition DBAD/PUB
082 ## - DEWEY DECIMAL CLASSIFICATION NUMBER
Classification number 342.54087
100 ## - MAIN ENTRY--PERSONAL NAME
Personal name Balagopal, K.
245 ## - TITLE STATEMENT
Title Reservations a socio-legal perspective /
Statement of responsibility, etc by K. Balagopal
260 ## - PUBLICATION, DISTRIBUTION, ETC. (IMPRINT)
Place of publication, distribution, etc New Delhi
Name of publisher, distributor, etc Critical Quest
Date of publication, distribution, etc 2010
270 ## - ADDRESS
Address 420, G-Block, Phase VI Aya Nagar
City New Delhi
Postal code 110047
300 ## - PHYSICAL DESCRIPTION
Extent 56 p.
Dimensions 22cm (Pbk)
650 ## - SUBJECT ADDED ENTRY--TOPICAL TERM
Topical term or geographic name as entry element Resvation
Form subdivision Legal status law etc
700 ## - ADDED ENTRY--PERSONAL NAME
9 (RLIN) 15693
700 ## - ADDED ENTRY--PERSONAL NAME
9 (RLIN) 15729
942 ## - ADDED ENTRY ELEMENTS (KOHA)
Source of classification or shelving scheme Dewey Decimal Classification
Item type English Books
Call number suffix BAL
Classification part 342.54087
Holdings
Withdrawn status Lost status Not for loan Collection code Home library Current library Date acquired Cost, normal purchase price Full call number Barcode Copy number Cost, replacement price Koha item type
    Not For Loan Non-fiction D.B.Act.Division D.B.Act.Division 20/08/2010 40.00 342.54087 BAL EN-84669 1 40.00 English Books

© Delhi Public Library
Hit Counter
free hit counter